000 01042nam a22003257a 4500
003 CHAP
005 20220919135631.0
008 971013s r 00010 d
010 _a28515
011 _a29487
035 _a33598
040 _cCHAP
090 _aR-2073
100 0 0 _aKoenig, Michael E. D.
_963608
245 _aScope
_b: a cost analysis of an automated serials record system
500 _aSobretiro de : Journal of library automation 4 (3( : 129-140, 1971
590 _aBATCH-UPD
_b10
_c20130110
590 _aBATCH-UPD
_b10
_c20130410
590 _aBATCH-UPD
_b10
_c20130914
590 _aBATCH-UPD
_b10
_c20130914
590 _aCONVERSION
_b10
_c20130109
650 1 4 _aBibliotecas
_xAutomatización.
_912495
650 1 4 _aBibliotecas
_xPublicaciones periódicas.
_912530
650 1 4 _aProcesamiento automático de datos en documentación.
700 0 _aCushman, Joann G.
_930745
700 0 _aFinlay, Alexander C.
_941005
901 _aBK
942 _cREIMP
_2local
949 _aR-2073
_bBC
_cB
_d-78194
_eB
_i33598
_si
999 _c28515
_d28515